书目信息 |
| 题名: |
实用现代管理学
|
|
| 作者: | 孙焱林 , 李彤 , 罗传建主编巧 | |
| 分册: | ||
| 出版信息: | 北京 北京大学出版社 2009.01 |
|
| 页数: | 248页 | |
| 开本: | 20cm | |
| 丛书名: | ||
| 单 册: | ||
| 中图分类: | F270 | |
| 科图分类: | ||
| 主题词: | 企业经济 | |
| 电子资源: | ||
| ISBN: | 7-301-14533-0 | |
| 000 | 00723nam0 2200229 450 | |
| 001 | 1455041055 | |
| 005 | 20141104151856.95 | |
| 010 | @a7-301-14533-0@dCNY29.00 | |
| 100 | @a20141104d2009 km y0chiy0120 ea | |
| 101 | 0 | @achi |
| 102 | @aCN@b110000 | |
| 200 | 1 | @a实用现代管理学@Ashi yong xian dai guan li xue@f孙焱林, 李彤, 罗传建主编巧@Fsun yan lin,li tong,luo chuan jian zhu bian qiao |
| 205 | @a2版 | |
| 210 | @a北京@c北京大学出版社@d2009.01 | |
| 215 | @a248页@d20cm | |
| 606 | 0 | @a企业经济 |
| 690 | @aF270@v4 | |
| 701 | 0 | @a孙焱林@Asun yan lin |
| 701 | 0 | @a李彤@Ali tong |
| 701 | 0 | @a罗传建主编巧@Aluo chuan jian zhu bian qiao |
| 801 | 0 | @aCN@b大连网信软件有限公司图书馆·11@c20141104 |
| 905 | @aZUCC@dF270@eS970=2 | |
| 实用现代管理学/孙焱林, 李彤, 罗传建主编巧.-2版.-北京:北京大学出版社,2009.01 |
| 248页;20cm |
| ISBN 7-301-14533-0:CNY29.00 |
| ● |
| 相关链接 |
|
|
|
正题名:实用现代管理学
索取号:F270/S970=2
 
预约/预借
| 序号 | 登录号 | 条形码 | 馆藏地/架位号 | 状态 | 备注 |
| 1 | 657210 | 206572109 | 社科库409/409社科库 84排3列5层/ [索取号:F270/S970=2] | 在馆 | |
| 2 | 657211 | 206572118 | 社科库409/409社科库 84排3列5层/ [索取号:F270/S970=2] | 在馆 |